000 00980nam a2200277 i 4500
001 8324
003 KOSZ 005
005 20200630132818.0
008 080811s1962 pl a f 001 0 pol
015 _aPB 1962/5881
040 _aWA N
_cKOSZ 005/RW
_dKOSZ 005/RW
041 1 _apol
_heng
080 _a681:51
100 1 _aMcCracken, Daniel D.
_eAutor.
245 1 0 _aProgramowanie maszyn cyfrowych /
_cD. D McCracken ; [tł. Aleksandra Wieruszowa].
246 1 _iTyt. oryg.:
_aDigital computer programming.
260 _aWarszawa :
_bPaństwowe Wydawnictwo Naukowe,
_c1962.
300 _a280 s. :
_bil. ;
_c25 cm.
380 _aKsiążki.
504 _aBibliogr. s. [270]-271. Indeks.
650 4 _aProgramowanie (informatyka)
700 1 _aWieruszowa, Aleksandra.
_eTł.
710 2 _aPaństwowe Wydawnictwo Naukowe
_4pbl.
856 _uhttp://koha.tu.koszalin.pl/cgi-bin/koha/opac-detail.pl?biblionumber=8324
_yKatalog online BPK
942 _2UKD
_cKS
999 _c8324
_d8324